Welcome to CU Library Online Public Access Catalogue (OPAC)

Human relationships : (Record no. 3890)

MARC details
000 -LEADER
fixed length control field 00745cam a2200241 a 4500
001 - CONTROL NUMBER
control field 1069500
005 - DATE AND TIME OF LATEST TRANSACTION
control field 20250214193149.0
008 - FIXED-LENGTH DATA ELEMENTS--GENERAL INFORMATION
fixed length control field 910312s1991 enk b 001 0 eng
020 ## - INTERNATIONAL STANDARD BOOK NUMBER
International Standard Book Number 0631171576 (alk. paper) :
Terms of availability $55.00
020 ## - INTERNATIONAL STANDARD BOOK NUMBER
International Standard Book Number 0631171584 (pbk. : alk. paper) :
Terms of availability $19.95
020 ## - INTERNATIONAL STANDARD BOOK NUMBER
International Standard Book Number 9780631171584
050 00 - LIBRARY OF CONGRESS CALL NUMBER
Classification number BD436
Item number .G55 1991
082 00 - DEWEY DECIMAL CLASSIFICATION NUMBER
Classification number 177/.6
Edition information 20
100 1# - MAIN ENTRY--PERSONAL NAME
Personal name Gilbert, Paul,
Dates associated with a name 1942-
245 10 - TITLE STATEMENT
Title Human relationships :
Remainder of title a philosophical introduction /
Statement of responsibility, etc. Paul Gilbert.
260 ## - PUBLICATION, DISTRIBUTION, ETC.
Place of publication, distribution, etc. Oxford UK ;
-- Cambridge USA :
Name of publisher, distributor, etc. B. Blackwell,
Date of publication, distribution, etc. 1991.
300 ## - PHYSICAL DESCRIPTION
Extent vi, 164 p. ;
Dimensions 23 cm.
440 #0 - SERIES STATEMENT/ADDED ENTRY--TITLE
Title Philosophical introductions
650 #0 - SUBJECT ADDED ENTRY--TOPICAL TERM
Topical term or geographic name entry element Love.
650 #0 - SUBJECT ADDED ENTRY--TOPICAL TERM
Topical term or geographic name entry element Friendship.
650 #0 - SUBJECT ADDED ENTRY--TOPICAL TERM
Topical term or geographic name entry element Social sciences
General subdivision Philosophy.
942 ## - ADDED ENTRY ELEMENTS (KOHA)
Source of classification or shelving scheme Library of Congress Classification
Koha item type Books
Suppress in OPAC No
999 ## -
-- 3890
-- 3890
Holdings
Withdrawn status Lost status Source of classification or shelving scheme Damaged status Not for loan Collection Home library Current library Shelving location Date acquired Total checkouts Full call number Barcode Date last seen Copy number Price effective from Koha item type
    Library of Congress Classification     Non-fiction Business Library (Miotso) Business Library (Miotso) General stacks 02/14/2025   BD436 .G55 1991 BSSM00000828 02/14/2025 1 02/14/2025 Books
© 2023-2024 Copyright: Central University Libraries. All Rights Reserved | Created by: Mahone Tech Office